| 000 | 00391nam a22001697a 4500 | ||
|---|---|---|---|
| 005 | 20160617164208.0 | ||
| 008 | 160617b xxu||||| |||| 00| 0 eng d | ||
| 020 | _a81-203-2644-X | ||
| 041 | _aeng | ||
| 082 | _b8041 | ||
| 100 |
_aMukhopadhyay R.K. _92155 |
||
| 245 | _aProduction Planning and Control | ||
| 260 |
_bPHI _c2004 |
||
| 300 | _a353 | ||
| 650 |
_aManagement _9241 |
||
| 942 | _cBK | ||
| 999 |
_c3010 _d3009 |
||